000 00872nam a2200265Ia 4500
005 20260121171000.0
008 008 260114s9999 xx 000 0 eng d
020 _a9783319773445
037 _aEBOOK
040 _aCRL
040 _beng
040 _cCRL
041 _2eng
041 _aeng
084 _qCRL
100 _aJan Klimaszewski, Reginald P. Webster, David W. Langor, Adam Brunke, Anthony Davies, Caroline Bourdon, Myriam Labrecque, Alfred F. Newton, Julie-Anne Dorval, J. Howard Frank
_91070563
245 0 _a Aleocharine Rove Beetles of Eastern Canada (Coleoptera, Staphylinidae, Aleocharinae): A Glimpse of Megadiversity
260 _bSpringer
260 _bSpringer
260 _c2018
856 _uhttps://link.springer.com/openurl?genre=book&isbn=978-3-319-77344-5
942 _cEBOOK
999 _c1636293
_d1636293